| 000 | 00502nam a2200181 i 4500 | ||
|---|---|---|---|
| 001 | 113072 | ||
| 003 | ES-MaACL | ||
| 005 | 20250930063114.0 | ||
| 007 | t| | ||
| 008 | 061121s1965 sp |||| | spa d | ||
| 100 | 1 |
_aNúñez Alonso, Alejandro, _d1905-1982 _986172 |
|
| 245 | 1 | 0 |
_aSemíramis _b: novela / _cAlejandro Núñez Alonso. |
| 250 | _a1ª ed. | ||
| 260 |
_aBarcelona : _bPlaneta, _c1965. |
||
| 300 |
_a579 p. ; _c21 cm. |
||
| 852 |
_aES-MaACL _jC-27656 |
||
| 999 |
_c113072 _d113072 |
||